Egy vállalkozás átalakulásának stratégiája, a kapcsolódó tervezési,szervezési jogi és számviteli feladatok

Bibliographic Details
Main Author: Kőnig Nikolett
Other Authors: Korom Dr. Erik
Format: Thesis
Kulcsszavak:Átalakulás
Szétválás
Kiválás
Online Access:http://dolgozattar.uni-bge.hu/17373

MARC

LEADER 00000nta a2200000 i 4500
001 dolg17373
005 20180517090626.0
008 180517suuuu hu om 000 hun d
040 |a BGE Dolgozattár Repozitórium  |b hun 
041 |a hu 
100 1 |a Kőnig Nikolett 
245 1 0 |a Egy vállalkozás átalakulásának stratégiája, a kapcsolódó tervezési,szervezési jogi és számviteli feladatok  |c Kőnig Nikolett  |h [elektronikus dokumentum] 
695 |a Átalakulás 
695 |a Szétválás 
695 |a Kiválás 
700 1 |a Korom Dr. Erik  |e ths 
856 4 0 |u http://dolgozattar.uni-bge.hu/17373/1/Szakdolgozat_K%C5%91nig%20Nikolett_zyj054.pdf  |z Dokumentum-elérés